[Event "AUT-chT 2324"]
[Site "Austria"]
[Date "2024.03.21"]
[Round "8.6"]
[White "Rogic, Davor"]
[Black "Steindl, Johannes"]
[Result "1-0"]
[WhiteElo "2418"]
[BlackElo "2302"]
[PlyCount "73"]
[EventDate "2023.11.22"]
[EventType "team-tourn"]
[EventRounds "11"]
[EventCountry "AUT"]
[SourceTitle "CB13_2024"]
[SourceDate "2024.03.27"]
[SourceVersion "1"]
[SourceVersionDate "2024.03.27"]
[SourceQuality "1"]
[WhiteTeam "St Veit"]
[BlackTeam "Ottakring"]
[WhiteTeamCountry "AUT"]
[BlackTeamCountry "AUT"]

1. e4 c5 2. Nf3 d6 3. d4 cxd4 4. Nxd4 Nf6 5. Nc3 Nc6 6. Bg5 e6 7. Qd3 Bd7 8. 0-0-0 a6 9. Nb3 b5 10. f4 h6 11. Bxf6 Qxf6 12. g3 Qd8 13. Bg2 Rc8 14. Kb1 Be7 15. h4 b4 16. Ne2 a5 17. Nd2 Na7 18. c4 bxc3 19. Nxc3 0-0 20. g4 Qb6 21. Nc4 Qb8 22. Ka1 Nb5 23. Ne2 a4 24. a3 Rc7 25. g5 Rfc8 26. Ne3 h5 27. f5 Be8 28. Bh3 Nxa3 29. Qxa3 d5 30. Qa2 a3 31. b3 Qb6 32. fxe6 fxe6 33. Qd2 Bb4 34. Bxe6+ Qxe6 35. Qxb4 Bg6 36. Nxd5 Bxe4 37. Nxc7 1-0

[Event "Krakow op-A 34th"]
[Site "Krakow"]
[Date "2024.01.02"]
[Round "6"]
[White "Steindl, Johannes"]
[Black "Vasynda, Oleksandr"]
[Result "1-0"]
[WhiteElo "2334"]
[BlackElo "2153"]
[PlyCount "111"]
[EventDate "2023.12.27"]
[EventType "swiss"]
[EventRounds "9"]
[EventCountry "POL"]
[SourceTitle "CB02_2024"]
[SourceDate "2024.01.10"]
[SourceVersion "1"]
[SourceVersionDate "2024.01.10"]
[SourceQuality "1"]

1. e4 c5 2. Nf3 Nc6 3. d4 cxd4 4. Nxd4 Nf6 5. Nc3 g6 6. Nxc6 dxc6 7. Qxd8+ Kxd8 8. Bc4 Ke8 9. e5 Nd7 10. e6 fxe6 11. Bxe6 Bg7 12. Be3 Nf8 13. Bb3 Be6 14. 0-0-0 Bxc3 15. bxc3 Kf7 16. Rd4 Bxb3 17. Rf4+ Ke8 18. axb3 Nd7 19. Re1 Rf8 20. Re4 Nf6 21. Re6 Kd7 22. Bc5 Ng8 23. R6e3 Rfe8 24. Rd3+ Kc7 25. Rh3 h6 26. f4 Rf8 27. Rg3 Rxf4 28. Rxg6 Rf7 29. g4 b6 30. Bd4 Rd8 31. b4 Kd7 32. Rd1 Kc8 33. Rxc6+ Kb7 34. Rg6 Nf6 35. Rf1 Rdf8 36. h3 Ne4 37. Rxf7 Rxf7 38. Rxh6 Rf1+ 39. Kb2 Nd2 40. Re6 Rb1+ 41. Ka2 Rc1 42. b5 Kc7 43. Rxe7+ Kd6 44. Rxa7 Rxc2+ 45. Ka1 Kd5 46. Ra2 Rc1+ 47. Kb2 Rh1 48. g5 Rh2 49. g6 Nc4+ 50. Kb3 Na5+ 51. Rxa5 bxa5 52. g7 Rg2 53. b6 a4+ 54. Ka3 Kc6 55. h4 Kb7 56. h5 1-0

[Event "Krakow op-A 34th"]
[Site "Krakow"]
[Date "2023.12.27"]
[Round "1"]
[White "Gbiorczyk, Mikolaj1"]
[Black "Steindl, Johannes"]
[Result "1/2-1/2"]
[WhiteElo "2137"]
[BlackElo "2334"]
[PlyCount "90"]
[EventDate "2023.12.27"]
[EventType "swiss"]
[EventRounds "9"]
[EventCountry "POL"]
[SourceTitle "CB02_2024"]
[SourceDate "2024.01.10"]
[SourceVersion "1"]
[SourceVersionDate "2024.01.10"]
[SourceQuality "1"]

1. e4 e6 2. d4 d5 3. Nc3 Bb4 4. e5 c5 5. a3 Bxc3+ 6. bxc3 Qc7 7. Qg4 f6 8. Bb5+ Kf8 9. Qg3 Bd7 10. a4 Kf7 11. Nh3 cxd4 12. cxd4 Bxb5 13. axb5 Qc4 14. Qd3 Qxd3 15. cxd3 Ne7 16. Kd2 Nd7 17. Bb2 a6 18. Rhc1 axb5 19. Rxa8 Rxa8 20. Rc7 Ra2 21. Rxd7 Rxb2+ 22. Kc3 Ra2 23. Rxb7 g5 24. exf6 Kxf6 25. Nxg5 h6 26. Nh3 Nc6 27. Rxb5 Ra3+ 28. Rb3 Ra4 29. Rb6 Nxd4 30. Nf4 Nb5+ 31. Rxb5 Rxf4 32. Rb8 Ke5 33. f3 Rh4 34. h3 Ra4 35. g3 Ra3+ 36. Kc2 Kd4 37. Rb4+ Ke3 38. Rb6 Rxd3 39. Rxe6+ Kd4 40. Rxh6 Rxf3 41. Ra6 Rxg3 42. Ra4+ Ke5 43. Kd2 Rxh3 44. Rb4 Rh2+ 45. Kd3 Rh3+ 1/2-1/2

[Event "Vienna Advent op"]
[Site "Vienna"]
[Date "2023.12.16"]
[Round "6"]
[White "Stanec, Nikolaus"]
[Black "Steindl, Johannes"]
[Result "1-0"]
[WhiteElo "2472"]
[BlackElo "2334"]
[PlyCount "65"]
[EventDate "2023.12.11"]
[EventType "swiss"]
[EventRounds "7"]
[EventCountry "AUT"]
[SourceTitle "CB51_2023"]
[SourceDate "2023.12.20"]
[SourceVersion "1"]
[SourceVersionDate "2023.12.20"]
[SourceQuality "1"]

1. d4 f5 2. g3 Nf6 3. Bg2 e6 4. Nd2 d5 5. Nh3 Bd6 6. Nf3 0-0 7. 0-0 b6 8. c4 Nc6 9. Nf4 Qe8 10. cxd5 exd5 11. Nd3 Nd8 12. Bf4 Ne6 13. Be5 g5 14. Bxf6 Rxf6 15. Nfe5 Bb7 16. e3 Bxe5 17. Nxe5 Rd8 18. f4 g4 19. Rf2 h5 20. h4 Nf8 21. Rc1 Qe7 22. Qa4 c5 23. Qa3 Re6 24. dxc5 bxc5 25. Rxc5 d4 26. exd4 Bxg2 27. Rxg2 Rxd4 28. Qc3 Red6 29. Rc7 Qe6 30. Kh2 Rd1 31. Rxa7 Qd5 32. Nc4 Rd7 33. Rxd7 1-0

[Event "Vienna Advent op"]
[Site "Vienna"]
[Date "2023.12.12"]
[Round "2"]
[White "Ramoser, Mario"]
[Black "Steindl, Johannes"]
[Result "0-1"]
[WhiteElo "1920"]
[BlackElo "2334"]
[PlyCount "76"]
[EventDate "2023.12.11"]
[EventType "swiss"]
[EventRounds "7"]
[EventCountry "AUT"]
[SourceTitle "CB51_2023"]
[SourceDate "2023.12.20"]
[SourceVersion "1"]
[SourceVersionDate "2023.12.20"]
[SourceQuality "1"]

1. e4 c6 2. d4 d5 3. e5 Bf5 4. Nc3 e6 5. g4 Bg6 6. Nge2 Ne7 7. Nf4 h6 8. Nxg6 Nxg6 9. Be3 Nh4 10. f4 Be7 11. Qe2 h5 12. h3 Nd7 13. 0-0-0 Qc7 14. Qf2 Ng6 15. f5 Ngf8 16. Be2 g6 17. a3 gxf5 18. gxf5 b5 19. Rhf1 b4 20. axb4 0-0-0 21. Na2 a5 22. Bd2 f6 23. bxa5 fxe5 24. Ba6+ Kb8 25. dxe5 Bc5 26. Qg3 exf5 27. Rxf5 Ne6 28. Nb4 Ka8 29. Qa3 Nd4 30. Rf7 Qxe5 31. Qa4 Qe6 32. Rg7 Rb8 33. Bd3 Bxb4 34. Bxb4 Qh6+ 35. Kb1 Qxg7 36. Bc3 c5 37. Bxd4 Qxd4 38. Qc6+ Rb7 0-1

[Event "Titled Tuesday intern op 08th Aug Late"]
[Site "Chess.com INT"]
[Date "2023.08.08"]
[Round "4"]
[White "Diaz Garcia, Lianet"]
[Black "Steindl, Johannes"]
[Result "0-1"]
[WhiteElo "1999"]
[BlackElo "2276"]
[PlyCount "70"]
[EventDate "2023.08.08"]
[EventType "swiss (blitz)"]
[EventRounds "11"]
[EventCountry "USA"]
[SourceTitle "EXT 2024"]
[Source "ChessBase"]
[SourceDate "2023.10.10"]
[SourceVersion "1"]
[SourceVersionDate "2023.10.10"]
[SourceQuality "1"]

1. e4 c5 2. Nf3 e6 3. d4 cxd4 4. Nxd4 Nc6 5. Nxc6 bxc6 6. Bd3 d5 7. 0-0 Nf6 8. e5 Nd7 9. f4 Be7 10. Qe2 a5 11. f5 exf5 12. e6 fxe6 13. Qxe6 Nb8 14. Qe2 0-0 15. Nc3 Bd6 16. Kh1 Qh4 17. h3 Qg3 18. Kg1 f4 19. Qf3 Qxf3 20. Rxf3 Nd7 21. Bd2 g5 22. Re1 Ne5 23. Rff1 Nxd3 24. cxd3 Bf5 25. d4 a4 26. Rf2 a3 27. b3 Rfe8 28. Rfe2 Kf7 29. Na4 Rxe2 30. Rxe2 Bb1 31. Bc1 Re8 32. Rxe8 Kxe8 33. Nc3 Bf5 34. Kf2 Bb4 35. Ne2 Bb1 0-1

[Event "Titled Tuesday intern op 08th Aug Late"]
[Site "Chess.com INT"]
[Date "2023.08.08"]
[Round "8"]
[White "Omariev, Maksim"]
[Black "Steindl, Johannes"]
[Result "1-0"]
[WhiteElo "2304"]
[BlackElo "2276"]
[PlyCount "77"]
[EventDate "2023.08.08"]
[EventType "swiss (blitz)"]
[EventRounds "11"]
[EventCountry "USA"]
[SourceTitle "EXT 2024"]
[Source "ChessBase"]
[SourceDate "2023.10.10"]
[SourceVersion "1"]
[SourceVersionDate "2023.10.10"]
[SourceQuality "1"]

1. g4 Nf6 2. g5 Ng8 3. Bg2 e5 4. d4 exd4 5. Nf3 d5 6. Nxd4 Nc6 7. Nc3 Bc5 8. Nb3 Bb4 9. Qxd5 Qxd5 10. Bxd5 Nge7 11. Be4 Bh3 12. Bd2 0-0-0 13. 0-0-0 Ng6 14. a3 Be7 15. Nd5 Rhe8 16. Nxe7+ Rxe7 17. f3 Nce5 18. Bc3 c6 19. Rxd8+ Kxd8 20. Rd1+ Kc8 21. e3 Bg2 22. Nd2 f6 23. Rg1 Bh3 24. gxf6 gxf6 25. Rg3 Bd7 26. f4 Ng4 27. h3 Nf2 28. Bg2 f5 29. Nc4 Kc7 30. Bb4 Re8 31. Bd6+ Kc8 32. Be5 Rg8 33. Kd2 b5 34. Nd6+ Kd8 35. Ke2 Ke7 36. Kxf2 Rd8 37. h4 Be6 38. h5 Nxe5 39. fxe5 1-0

[Event "Titled Tuesday intern op 08th Aug Late"]
[Site "Chess.com INT"]
[Date "2023.08.08"]
[Round "9"]
[White "Steindl, Johannes"]
[Black "Khalikov, Bulat"]
[Result "0-1"]
[WhiteElo "2276"]
[BlackElo "2171"]
[PlyCount "56"]
[EventDate "2023.08.08"]
[EventType "swiss (blitz)"]
[EventRounds "11"]
[EventCountry "USA"]
[SourceTitle "EXT 2024"]
[Source "ChessBase"]
[SourceDate "2023.10.10"]
[SourceVersion "1"]
[SourceVersionDate "2023.10.10"]
[SourceQuality "1"]

1. e4 e5 2. Nf3 Nc6 3. Bb5 a6 4. Ba4 Nf6 5. 0-0 Be7 6. Bxc6 dxc6 7. d3 Nd7 8. Nbd2 0-0 9. Nc4 f6 10. Ne3 Nc5 11. Nh4 g6 12. Bd2 Ne6 13. g3 Nd4 14. Neg2 g5 15. c3 Nb5 16. Nf5 Bxf5 17. exf5 Qxd3 18. Ne3 Rad8 19. Qb3+ Kg7 20. Rad1 c5 21. Bc1 Qe4 22. a4 Rxd1 23. Rxd1 Nd6 24. g4 Qf3 25. Re1 h5 26. Qd1 Qxd1 27. Rxd1 hxg4 28. Nd5 Bd8 0-1

[Event "Titled Tuesday intern op 08th Aug Early"]
[Site "Chess.com INT"]
[Date "2023.08.08"]
[Round "10"]
[White "Steindl, Johannes"]
[Black "Osiecki, Stanislaw"]
[Result "1-0"]
[WhiteElo "2276"]
[BlackElo "1996"]
[PlyCount "137"]
[EventDate "2023.08.08"]
[EventType "swiss (blitz)"]
[EventRounds "11"]
[EventCountry "USA"]
[SourceTitle "EXT 2024"]
[Source "ChessBase"]
[SourceDate "2023.10.10"]
[SourceVersion "1"]
[SourceVersionDate "2023.10.10"]
[SourceQuality "1"]

1. e4 e6 2. d4 d5 3. Nd2 c5 4. exd5 exd5 5. Ngf3 cxd4 6. Nb3 Nc6 7. Nbxd4 Bd6 8. Bb5 Bd7 9. 0-0 Nge7 10. b3 0-0 11. Bb2 a6 12. Bd3 Nxd4 13. Nxd4 Nc6 14. Qh5 g6 15. Nxc6 gxh5 16. Nxd8 Raxd8 17. Bd4 Rfe8 18. Rfe1 Rxe1+ 19. Rxe1 Re8 20. Rxe8+ Bxe8 21. g3 Bd7 22. Kg2 Be7 23. h4 Bg4 24. f3 Be6 25. a4 f5 26. f4 Kf8 27. Be2 Bf7 28. Kf2 Ke8 29. Ke3 Kd7 30. Bb6 Kc6 31. Bd4 Ba3 32. Bf3 Bc1+ 33. Kd3 Kd7 34. c3 Ba3 35. b4 a5 36. bxa5 Bd6 37. Kc2 Bc7 38. Be2 Bxa5 39. Bb5+ Kd6 40. Kd3 Bd8 41. Be5+ Ke6 42. Bd4 Ba5 43. Bf2 Bd8 44. Bc5 Ba5 45. Kd4 Bc7 46. Kd3 Ba5 47. Bd4 Bc7 48. Bf2 Ba5 49. c4 dxc4+ 50. Bxc4+ Ke7 51. Bc5+ Kf6 52. Bd4+ Ke7 53. Bxf7 Kxf7 54. Bf2 Ke6 55. Kc4 Kd7 56. Kb5 Bc7 57. a5 Kc8 58. Be1 Kd7 59. Kc5 Ke6 60. Kd4 Kd6 61. Bb4+ Kc6 62. Be1 Kb5 63. Kd5 Bxa5 64. Bf2 Bc7 65. Ke6 Kc4 66. Kxf5 b5 67. Be1 Bd6 68. Ke6 Bb4 69. Bf2 1-0

[Event "AUT-ch"]
[Site "Vienna"]
[Date "2023.07.24"]
[Round "3"]
[White "Steindl, Johannes"]
[Black "Mayrhuber, Tobias"]
[Result "1/2-1/2"]
[WhiteElo "2276"]
[BlackElo "2067"]
[PlyCount "93"]
[EventDate "2023.07.22"]
[EventType "swiss"]
[EventRounds "9"]
[EventCountry "AUT"]
[SourceTitle "CBM 215 Extra"]
[Source "ChessBase"]
[SourceDate "2023.09.30"]
[SourceVersion "1"]
[SourceVersionDate "2023.09.30"]
[SourceQuality "1"]

1. e4 e5 2. Nf3 Nc6 3. Bc4 Bc5 4. b4 Bxb4 5. c3 Be7 6. d4 Na5 7. Be2 d6 8. Qa4+ c6 9. dxe5 dxe5 10. Nxe5 Bd6 11. Nd3 Ne7 12. 0-0 b5 13. Qc2 0-0 14. Nd2 Ng6 15. f4 f5 16. e5 Be7 17. Nb3 Nc4 18. Nf2 Be6 19. Nd4 Bd5 20. Rd1 Bc5 21. g3 Qb6 22. a4 a6 23. Bxc4 bxc4 24. Be3 Ne7 25. Rdb1 Qa7 26. Rb2 Rfb8 27. Rab1 Rb3 28. Qe2 Rab8 29. Nxb3 cxb3 30. c4 Bxe3 31. cxd5 Nxd5 32. Rxb3 Rxb3 33. Rxb3 Qd4 34. Kg2 Nxf4+ 35. gxf4 Qd5+ 36. Qf3 Qxb3 37. Qxc6 g6 38. Qe8+ Kg7 39. Qd7+ Kh6 40. Qd3 Qb7+ 41. Kg3 Bc5 42. Nh3 Qb4 43. Qxa6 Qe1+ 44. Kg2 Qd2+ 45. Kg3 Qe1+ 46. Kg2 Qd2+ 47. Kg3 1/2-1/2

[Event "Basel Easter op"]
[Site "Basel"]
[Date "2023.04.10"]
[Round "8"]
[White "Langheinrich, Ferenc"]
[Black "Steindl, Johannes"]
[Result "1/2-1/2"]
[WhiteElo "2385"]
[BlackElo "2293"]
[PlyCount "130"]
[EventDate "2023.04.06"]
[EventType "swiss"]
[EventRounds "9"]
[EventCountry "SUI"]
[SourceTitle "EXT 2024"]
[Source "ChessBase"]
[SourceDate "2023.10.10"]
[SourceVersion "1"]
[SourceVersionDate "2023.10.10"]
[SourceQuality "1"]

1. Nf3 Nf6 2. g3 g6 3. Bg2 Bg7 4. 0-0 0-0 5. d4 d6 6. a4 a5 7. c3 c6 8. Re1 Qc7 9. e4 e5 10. Nbd2 Nbd7 11. b3 Re8 12. dxe5 Nxe5 13. Nxe5 dxe5 14. Qc2 Be6 15. Bf1 Nd7 16. Bc4 Bh3 17. Bb2 Nb6 18. Bf1 Bxf1 19. Rxf1 Rad8 20. Rfd1 h5 21. h4 Bf8 22. Kg2 Rd7 23. Nf3 Rxd1 24. Rxd1 Nd7 25. Kf1 Nf6 26. Kg2 Ng4 27. Bc1 Rd8 28. Rxd8 Qxd8 29. Ne1 Qe7 30. f3 Nf6 31. Nd3 Nd7 32. Be3 Qa3 33. c4 Bc5 34. Bc1 Qa1 35. Qb2 Qxb2+ 36. Bxb2 f6 37. Bc3 Bb6 38. f4 Bc7 39. Kf3 Kf7 40. f5 b6 41. fxg6+ Kxg6 42. b4 axb4 43. Nxb4 Nb8 44. c5 bxc5 45. Nd3 Na6 46. a5 Bd6 47. Nb2 Bf8 48. Nc4 Be7 49. g4 Bf8 50. Be1 Be7 51. Bc3 Bf8 52. Ne3 Be7 53. Nf5 Bd8 54. Ng3 hxg4+ 55. Kxg4 Nb4 56. h5+ Kh6 57. Nf5+ Kh7 58. Bxb4 cxb4 59. a6 Bb6 60. Nd6 Bd4 61. Nc4 b3 62. Nb2 Kh6 63. Nc4 Kg7 64. Kf5 Kh6 65. Kg4 Kg7 1/2-1/2

[Event "Basel Easter op"]
[Site "Basel"]
[Date "2023.04.10"]
[Round "9"]
[White "Steindl, Johannes"]
[Black "Farokhi, Keyvan"]
[Result "1/2-1/2"]
[WhiteElo "2293"]
[BlackElo "2256"]
[PlyCount "119"]
[EventDate "2023.04.06"]
[EventType "swiss"]
[EventRounds "9"]
[EventCountry "SUI"]
[SourceTitle "EXT 2024"]
[Source "ChessBase"]
[SourceDate "2023.10.10"]
[SourceVersion "1"]
[SourceVersionDate "2023.10.10"]
[SourceQuality "1"]

1. e4 e5 2. Nf3 Nc6 3. Bb5 Nf6 4. d3 d6 5. 0-0 a6 6. Ba4 b5 7. Bb3 Na5 8. Nc3 Be7 9. h3 0-0 10. Nh2 b4 11. Ne2 Nxb3 12. axb3 d5 13. Ng3 dxe4 14. dxe4 Qxd1 15. Rxd1 Bb7 16. f3 Bc5+ 17. Kf1 Rfd8 18. Rxd8+ Rxd8 19. Ke1 Ne8 20. Ng4 f6 21. Be3 Bb6 22. Bxb6 cxb6 23. Ne3 Kf7 24. Nc4 b5 25. Na5 Ba8 26. Ne2 Nd6 27. g4 g6 28. Nc1 f5 29. exf5 gxf5 30. Nd3 Kf6 31. Ke2 Bxf3+ 32. Kxf3 e4+ 33. Kf4 exd3 34. cxd3 fxg4 35. hxg4 Nf7 36. Nc6 Rxd3 37. Rxa6 Nd6 38. g5+ Ke6 39. Ra7 Rh3 40. Kg4 Rh2 41. Re7+ Kd5 42. Nxb4+ Kc5 43. Nd3+ Kd4 44. Rd7 Kxd3 45. Rxd6+ Ke4 46. Re6+ Kd5 47. Rb6 Kc5 48. Rb7 Kb4 49. Kg3 Rxb2 50. Rxh7 Rxb3+ 51. Kf4 Ra3 52. g6 Ra8 53. Rb7 Kc4 54. Rg7 b4 55. Rf7 Rg8 56. Ke4 b3 57. Rc7+ Kb4 58. Rb7+ Kc3 59. Kf5 b2 60. Kf6 1/2-1/2

[Event "AUT-chT2O 2223"]
[Site "Austria"]
[Date "2023.02.18"]
[Round "8.3"]
[White "Bures, Jaroslav"]
[Black "Steindl, Johannes"]
[Result "1/2-1/2"]
[WhiteElo "2419"]
[BlackElo "2315"]
[PlyCount "117"]
[EventDate "2022.10.15"]
[EventType "team-tourn"]
[EventRounds "11"]
[EventCountry "AUT"]
[SourceTitle "CBM 213 Extra"]
[Source "ChessBase"]
[SourceDate "2023.05.31"]
[SourceVersion "1"]
[SourceVersionDate "2023.05.31"]
[SourceQuality "1"]
[WhiteTeam "Mistelbach/Altlichtenwarth"]
[BlackTeam "Ottakring"]
[WhiteTeamCountry "AUT"]
[BlackTeamCountry "AUT"]

1. d4 Nf6 2. c4 g6 3. Nc3 Bg7 4. e4 d6 5. h3 0-0 6. Bg5 c5 7. d5 Qb6 8. Qd2 e6 9. 0-0-0 exd5 10. Bxf6 Bxf6 11. Nxd5 Qd8 12. Nxf6+ Qxf6 13. Nf3 Be6 14. Qxd6 Na6 15. Be2 Rfd8 16. Qe5 Qxe5 17. Nxe5 Re8 18. f4 f6 19. Nd7 Bxd7 20. Rxd7 Rad8 21. Rxd8 Rxd8 22. Re1 Rd4 23. Bf1 Kf7 24. a3 Nb8 25. Kc2 Nc6 26. Kc3 a5 27. h4 a4 28. g3 b6 29. Bd3 Na5 30. e5 f5 31. Rd1 Ke7 32. Rh1 h5 33. Rg1 Ke6 34. Rd1 Ke7 35. Ra1 Nb3 36. Re1 Na5 37. Rf1 Ke6 38. Rg1 Ke7 39. Rh1 Ke6 40. Rf1 Ke7 41. Re1 Ke6 42. Rd1 Ke7 43. Kc2 Nxc4 44. Bxc4 Rxc4+ 45. Kb1 Rd4 46. Rxd4 cxd4 47. b3 axb3 48. Kb2 Ke6 49. a4 Kd5 50. Kxb3 Kc5 51. Ka3 Kc6 52. Kb4 Kd5 53. Kb3 Kc5 54. Kc2 Kc6 55. Kb2 Kd5 56. Kc1 Kc6 57. Kc2 Kd5 58. Kd3 Kc5 59. Kd2 1/2-1/2

[Event "AUT-chT2O 2223"]
[Site "Austria"]
[Date "2022.12.03"]
[Round "5.2"]
[White "Steindl, Johannes"]
[Black "Videki, Sandor"]
[Result "1-0"]
[WhiteElo "2315"]
[BlackElo "2407"]
[PlyCount "63"]
[EventDate "2022.10.15"]
[EventType "team-tourn"]
[EventRounds "11"]
[EventCountry "AUT"]
[SourceTitle "CBM 213 Extra"]
[Source "ChessBase"]
[SourceDate "2023.05.31"]
[SourceVersion "1"]
[SourceVersionDate "2023.05.31"]
[SourceQuality "1"]
[WhiteTeam "Ottakring"]
[BlackTeam "Pressbaum"]
[WhiteTeamCountry "AUT"]
[BlackTeamCountry "AUT"]

1. e4 c6 2. d4 d5 3. f3 g6 4. Nc3 Bg7 5. Be3 Qb6 6. Rb1 dxe4 7. fxe4 e5 8. Nf3 Nd7 9. Be2 exd4 10. Nxd4 Qb4 11. 0-0 Ngf6 12. Qe1 0-0 13. Qh4 Re8 14. Nf3 Qe7 15. Bc4 h6 16. e5 Nh7 17. e6 fxe6 18. Qg3 Nhf8 19. Rbe1 Nf6 20. Ne5 Nh5 21. Rxf8+ Rxf8 22. Qxg6 Nf4 23. Bxf4 Rxf4 24. Bd3 Kf8 25. Qh5 Bxe5 26. Qxe5 Qf6 27. Qd6+ Kg8 28. Ne4 Qf8 29. Qe5 Bd7 30. Re3 Qf5 31. Rg3+ Kf8 32. Qg7+ 1-0

[Event "AUT-chT2O 2223"]
[Site "Austria"]
[Date "2022.11.20"]
[Round "4.5"]
[White "Steindl, Johannes"]
[Black "Bonk, Andras"]
[Result "1-0"]
[WhiteElo "2315"]
[BlackElo "2176"]
[PlyCount "99"]
[EventDate "2022.10.15"]
[EventType "team-tourn"]
[EventRounds "11"]
[EventCountry "AUT"]
[SourceTitle "CBM 213 Extra"]
[Source "ChessBase"]
[SourceDate "2023.05.31"]
[SourceVersion "1"]
[SourceVersionDate "2023.05.31"]
[SourceQuality "1"]
[WhiteTeam "Ottakring"]
[BlackTeam "Kottingbrunn"]
[WhiteTeamCountry "AUT"]
[BlackTeamCountry "AUT"]

1. e4 c5 2. Nf3 Nc6 3. Bb5 g6 4. Bxc6 dxc6 5. d3 Bg7 6. Nc3 Nf6 7. Be3 Nd7 8. Qd2 b6 9. Bh6 Bf6 10. h3 e5 11. Nd1 c4 12. Ne3 cxd3 13. Qxd3 Nc5 14. Qxd8+ Kxd8 15. 0-0-0+ Kc7 16. Ng4 Bxg4 17. hxg4 Rhg8 18. Be3 Nxe4 19. Rxh7 Nd6 20. Bg5 Bg7 21. Rxg7 Rxg7 22. Bf6 e4 23. Bxg7 exf3 24. Be5 Rd8 25. gxf3 c5 26. g5 Kc6 27. Rxd6+ Rxd6 28. Bxd6 Kxd6 29. Kd2 Ke5 30. Ke3 Kf5 31. f4 f6 32. gxf6 Kxf6 33. c4 Ke6 34. Ke4 Kf6 35. b3 Ke6 36. Kf3 Kf5 37. Kg3 Ke4 38. Kg4 a6 39. Kg5 b5 40. Kxg6 Kxf4 41. Kf6 Ke4 42. Ke6 bxc4 43. bxc4 Kd4 44. f4 Kxc4 45. f5 Kd3 46. f6 c4 47. f7 c3 48. f8Q c2 49. Qd6+ Ke3 50. Kf5 1-0

[Event "AUT-chT 2223"]
[Site "Austria"]
[Date "2022.11.04"]
[Round "2.5"]
[White "Steindl, Johannes"]
[Black "Salvenmoser, Stefan"]
[Result "0-1"]
[WhiteElo "2314"]
[BlackElo "2304"]
[PlyCount "104"]
[EventDate "2022.11.03"]
[EventType "team-tourn"]
[EventRounds "11"]
[EventCountry "AUT"]
[SourceTitle "EXT 2024"]
[Source "ChessBase"]
[SourceDate "2023.10.10"]
[SourceVersion "1"]
[SourceVersionDate "2023.10.10"]
[SourceQuality "1"]
[WhiteTeam "Ottakring"]
[BlackTeam "Grieskirchen"]
[WhiteTeamCountry "AUT"]
[BlackTeamCountry "AUT"]

1. e4 c5 2. Nf3 d6 3. d4 cxd4 4. Nxd4 Nf6 5. Nc3 a6 6. Bg5 e6 7. f4 Be7 8. Qf3 Qc7 9. 0-0-0 Nbd7 10. g4 h6 11. Bxf6 Bxf6 12. h4 Nb6 13. g5 Bxd4 14. Rxd4 Qc5 15. Rd1 Bd7 16. Be2 0-0-0 17. Rhg1 g6 18. a3 Na4 19. Rg3 Kb8 20. Qe3 Qxe3+ 21. Rxe3 hxg5 22. hxg5 Nxc3 23. Rxc3 Rh2 24. Bc4 Bc6 25. f5 Bxe4 26. fxe6 fxe6 27. Bxe6 d5 28. Rd2 Rh1+ 29. Rd1 Rxd1+ 30. Kxd1 Rh8 31. Kd2 Rh5 32. Rc8+ Ka7 33. Ke3 Rxg5 34. Kf4 Rh5 35. c4 Bh1 36. c5 d4 37. b4 Bd5 38. Bxd5 Rxd5 39. Rh8 d3 40. Rh1 d2 41. Rd1 Kb8 42. Ke4 Rd8 43. a4 Kc7 44. b5 axb5 45. axb5 g5 46. Ke5 b6 47. c6 Rd3 48. Kf6 g4 49. Kf5 Rd4 50. Ke5 Rb4 51. Rxd2 Rxb5+ 52. Ke6 g3 0-1

[Event "AUT-chT2O 2223"]
[Site "Austria"]
[Date "2022.10.15"]
[Round "1.1"]
[White "Juhasz, Agoston Botond"]
[Black "Steindl, Johannes"]
[Result "0-1"]
[WhiteElo "2311"]
[BlackElo "2315"]
[PlyCount "110"]
[EventDate "2022.10.15"]
[EventType "team-tourn"]
[EventRounds "11"]
[EventCountry "AUT"]
[SourceTitle "EXT 2024"]
[Source "ChessBase"]
[SourceDate "2023.10.10"]
[SourceVersion "1"]
[SourceVersionDate "2023.10.10"]
[SourceQuality "1"]
[WhiteTeam "Bad Voeslau"]
[BlackTeam "Ottakring"]
[WhiteTeamCountry "AUT"]
[BlackTeamCountry "AUT"]

1. e4 e5 2. Nf3 Nc6 3. Bc4 Nf6 4. d3 h6 5. 0-0 d6 6. a4 g5 7. Nc3 g4 8. Nh4 Nxe4 9. dxe4 Qxh4 10. Nd5 Qd8 11. f4 exf4 12. Bxf4 Be6 13. Ne3 h5 14. Bd5 Qd7 15. Bg5 Bh6 16. Bxc6 Qxc6 17. Qd4 Kd7 18. Bxh6 Rxh6 19. Qg7 Rah8 20. Nd5 Qc5+ 21. Kh1 Kc8 22. c4 a5 23. b3 Kb8 24. Nf4 R6h7 25. Qc3 b6 26. Rfc1 h4 27. Nd3 Qc6 28. Qd4 h3 29. g3 Re8 30. Re1 Bf5 31. Nf4 Bxe4+ 32. Kg1 f5 33. Re3 Rhe7 34. Rae1 Re5 35. R1e2 Qc5 36. Qxc5 bxc5 37. Ng6 R5e6 38. Nf4 R6e7 39. Nd5 Rf7 40. Nc3 Ref8 41. Re1 Bf3 42. Re8+ Rxe8 43. Rxe8+ Kb7 44. Kf2 f4 45. Rg8 Bc6 46. Ne2 fxg3+ 47. Kxg3 Rf1 48. Nf4 Bd7 49. Nd5 Be6 50. Rg7 Bxd5 51. cxd5 Rg1+ 52. Kh4 Rg2 53. Rxg4 Rxh2 54. Rg3 c6 55. dxc6+ Kxc6 0-1

[Event "Vienna State-ch"]
[Site "Vienna"]
[Date "2022.09.22"]
[Round "6"]
[White "Steindl, Johannes"]
[Black "Atzl, Florian"]
[Result "1-0"]
[WhiteElo "2327"]
[BlackElo "2155"]
[PlyCount "75"]
[EventDate "2022.09.17"]
[EventType "tourn"]
[EventRounds "9"]
[EventCountry "AUT"]
[EventCategory "5"]
[SourceTitle "CBM 210 Extra"]
[Source "ChessBase"]
[SourceDate "2022.11.30"]
[SourceVersion "1"]
[SourceVersionDate "2022.11.30"]
[SourceQuality "1"]

1. d4 Nf6 2. c4 c5 3. d5 b5 4. cxb5 a6 5. e3 g6 6. Nc3 Bg7 7. e4 axb5 8. e5 Ng8 9. Nf3 Qa5 10. Bxb5 Nh6 11. 0-0 0-0 12. Bg5 f6 13. exf6 exf6 14. Bf4 Nf7 15. Nd2 d6 16. Nc4 Qc7 17. h4 Nd7 18. Bc6 Ba6 19. Bb5 Nde5 20. Bxe5 fxe5 21. a4 Bb7 22. Ne4 Rfd8 23. Ra3 Qe7 24. g3 Ra7 25. Nb6 Qc7 26. a5 Bc8 27. Nxc8 Rxc8 28. a6 Rb8 29. Qa4 Nh6 30. Bc4 Nf5 31. Qc6 Qe7 32. Rb3 Rxb3 33. Bxb3 Rc7 34. Ra1 Nd4 35. Qxc7 Qxc7 36. a7 Nxb3 37. a8Q+ Bf8 38. Ra7 1-0

[Event "Vienna State-ch"]
[Site "Vienna"]
[Date "2022.09.20"]
[Round "4"]
[White "Vitouch, Anatol"]
[Black "Steindl, Johannes"]
[Result "1/2-1/2"]
[WhiteElo "2252"]
[BlackElo "2327"]
[PlyCount "41"]
[EventDate "2022.09.17"]
[EventType "tourn"]
[EventRounds "9"]
[EventCountry "AUT"]
[EventCategory "5"]
[SourceTitle "CBM 210 Extra"]
[Source "ChessBase"]
[SourceDate "2022.11.30"]
[SourceVersion "1"]
[SourceVersionDate "2022.11.30"]
[SourceQuality "1"]

1. d4 Nf6 2. Nf3 g6 3. Bg5 Bg7 4. Nbd2 0-0 5. c3 d6 6. e4 c5 7. dxc5 dxc5 8. Be2 Nc6 9. 0-0 Qc7 10. h3 Rd8 11. Qc2 Na5 12. Nc4 Be6 13. Nxa5 Qxa5 14. a4 Qc7 15. Be3 b6 16. Rfe1 Bd7 17. Nd2 Bc6 18. Bb5 Nd7 19. Nc4 a6 20. Bxc6 Qxc6 21. Bg5 1/2-1/2